Central Library OPAC University of Rajshahi

J.K. Lasser's Business management handbook / (Record no. 14714)

MARC details
000 -LEADER
fixed length control field 00793cam a2200265u 4500
001 - CONTROL NUMBER
control field 14714
003 - CONTROL NUMBER IDENTIFIER
rucl marc code BD-RjUL
005 - DATE AND TIME OF LATEST TRANSACTION
control field 20241021105306.0
008 - FIXED-LENGTH DATA ELEMENTS--GENERAL INFORMATION
fixed length control field 140208m19541952nyua 001 0 eng
035 ## - SYSTEM CONTROL NUMBER
System control number (BD-RjUL)14768
040 ## - CATALOGING SOURCE
Original cataloging agency DLC
Transcribing agency CarP
Modifying agency DLC
-- BD-RjUL
Language of cataloging eng
041 ## - LANGUAGE CODE
Language code of text/sound track or separate title eng
082 ## - DEWEY DECIMAL CLASSIFICATION NUMBER
Classification number 658
Author mark and year LAJ 1960
100 1# - MAIN ENTRY--PERSONAL NAME
Personal name Lasser, J. K.
Fuller form of name (Jacob Kay),
Dates associated with a name 1896-1954.,
9 (RLIN) 45841
245 10 - TITLE STATEMENT
Title J.K. Lasser's Business management handbook /
Statement of responsibility, etc. Lasser, J. K.
260 ## - PUBLICATION, DISTRIBUTION, ETC. (IMPRINT)
Place of publication, distribution, etc. New York :
Name of publisher, distributor, etc. McGraw-Hill ,
Date of publication, distribution, etc. c1952
300 ## - PHYSICAL DESCRIPTION
Pagination 842 p. :
Illustrations illus. ;
Size 24 cm.
504 ## - BIBLIOGRAPHY, ETC. NOTE
Bibliography, etc Includes index.
650 #0 - SUBJECT ADDED ENTRY--TOPICAL TERM
Topical term or geographic name as entry element Business.
9 (RLIN) 45856
Topical term or geographic name as entry element Industrial management.
9 (RLIN) 45857
942 ## - ADDED ENTRY ELEMENTS (KOHA)
Source of classification or shelving scheme Dewey Decimal Classification
Koha item type Books
Holdings
Lost status Source of classification or shelving scheme Damaged status Not for loan Collection code Permanent Location Current Location Shelving location Date acquired Source of acquisition Cost, normal purchase price Total Checkouts Full call number Date last seen Copy number Koha item type
  Dewey Decimal Classification   Not For Loan Non-fiction Central Library, University of Rajshahi Central Library, University of Rajshahi Rare Book Section 26/05/1957 Ferozson 42.80   658 LAJ 1954 08/02/2014 C-1 Books
  Dewey Decimal Classification     Non-fiction Central Library, University of Rajshahi Central Library, University of Rajshahi   22/03/1963 Zeitlinger 97.00   658 LAJ 1960 27/02/2014 C-3 Books